Responses for Show #7914 - Thursday, January 24, 2019

Contestants

[<< previous game]

Nancy Rohlen, a sales manager from Chicago, Illinois

Aaron Lichtig, a growth marketer from Silver Spring, Maryland

Rachel Paterno-Mahler, an astrophysicist from Playa del Rey, California (whose 1-day cash winnings total $29,600)

[next game >>]

Jeopardy! Round responses

TOP NON-SPORTS PROGRAMS OF ALL TIME
(Alex: According to Nielsen.)
EDIBLE HOMOPHONES
I NAMED IT AFTER YOU
THAT'S SO "P.C."
CARACAS
CREATURES WITH BLOWHOLES
    $200 23
M.A.S.H.

Rachel
    $200 1
karat

Rachel
    $200 30
Wendy

Nancy
    $200 14
primary colors

Aaron
    $200 13
Venezuela

Nancy
    $200 6
orcas

Nancy
    $400 24
Dallas

Nancy
    $400 2
serial

Nancy
    $400 16
Garfield

Nancy
    $400 20
pipe cleaners

Rachel
    $400 8
the national anthem

Aaron
    $400 7
echolocation

Aaron
    $600 25
Roots

Rachel
    $600 3
pi

Triple Stumper
    $600 17
(Rachel: What is Adderall?)
...
(Alex: Her nickname was Rita.)

Ritalin

RachelAaron
    $600 15
the Peace Corps

Aaron
    $600 9
the Caribbean

Aaron
    $1,200 12
(Aaron: What is a river dolphin?)
(Alex: No. Monoceros--single horn. [*].)

the narwhal

Aaron
    $800 26
Gone With the Wind

Nancy
    $800 4
time

Rachel
    $800 18
Dannon

Nancy
    $800 21
playing cards

Aaron
    $800 10
Bolivar

Nancy
    $800 28
(Aaron: What is a sperm whale?)
(Nancy: What is a blue whale?)

the humpback whale

AaronNancy
Triple Stumper
    $1000 27
The Ed Sullivan Show

Rachel
    $1000 5
(Alex: Comes from [*].)
(Rachel: [Sighs] Oh.)
(Alex: What do you mean, "Oh"? You didn't like that clue, Rachel? Are you disparaging our writers so early?)
(Rachel: No, not at all--no, not at all.)
(Alex: Okay, make another selection.)

a leak

Triple Stumper
    $1000 19
Hattiesburg

Nancy
    $1000 22
a padded cell

Aaron
    $1000 11
mestizo

Aaron
    $1000 29
baleen whales

Rachel

Scores at the first commercial break (after clue 15):

Rachel Aaron Nancy
$1,000 $2,000 $1,600

Scores at the end of the Jeopardy! Round:

Rachel Aaron Nancy
$3,600 $3,600 $4,400

Double Jeopardy! Round responses

PAINTERS' MASTERPIECES
SLOGANS & MOTTOES
POTENT POE TALES
"BIO"
PEOPLE POWER
BEFORE & ACTOR
(Alex: It's a before and after category, only with actors' names.)
    $400 15
Picasso

Nancy
    $400 27
(Aaron: What is the World Bank?)

the European Union

Aaron
Triple Stumper
    $400 1
[Rachel selected the first clue.]

the Inquisition

Aaron
    $400 28
[The end-of-round signal sounds.]

biopsy

Nancy
    $400 7
peasants

Nancy
    $800 14
baptism

Nancy
    $800 26
wildfires

Triple Stumper
    $3,600 22
(Alex: Anything?)
(Rachel: What is "The House with the Crack in Its Wall"?)

"The Fall of the House of Usher"

Rachel
    $800 2
biological clock

Aaron
    $800 3
Iceland

Nancy
    $1200 11
Vermeer

Aaron
    $2,000 16
(Nancy: What is truth and wisdom?)

light and truth

Nancy
    $1200 19
the tell-tale heart

Nancy
    $1200 8
amphibious

Triple Stumper
    $1200 4
(Corazon) Aquino

Nancy
    $1200 25
Larry David Schwimmer

Aaron
    $1600 12
Whistler

Aaron
    $1600 17
(Aaron: Who is Wilson?)
(Nancy: Who is Hoover?)

Harding

AaronNancy
Triple Stumper
    $1600 20
"The Purloined Letter"

Aaron
    $1600 9
bionic

Nancy
    $1600 5
Romania

Nancy
    $1600 24
(Rachel: Who is Channing Tatum O'Neal?)

Jonah Hill Harper

Rachel
Triple Stumper
    $2000 13
(Aaron: Who is Rodin?)
(Rachel: Who is Lichstein?)
(Nancy: Who is Duchamp?)

Gustav Klimt

RachelAaronNancy
Triple Stumper
    $2000 18
don't tread on me

Aaron
    $2000 21
amontillado

Rachel
    $2000 10
the biosphere

Aaron
    $2000 6
Tunisia

Aaron
    $2000 23
(Alex: Less than a minute now.)

Meg Ryan Gosling

Triple Stumper

Scores at the end of the Double Jeopardy! Round:

Rachel Aaron Nancy
-$1,600 $12,400 $7,200

[wagering suggestions for these scores]

Final Jeopardy! Round responses

U.K. PRIME MINISTERS
NancyWho is Tony Blair
$5,201
AaronWho is Tony Blair
$2,001
Tony Blair

Final scores:

Rachel Aaron Nancy
-$1,600 $14,401 $12,401
3rd place: $1,000 New champion: $14,401 2nd place: $2,000

Game dynamics:

Coryat scores:

Rachel Aaron Nancy
$2,000 $13,600 $9,200
8 R,
4 W
(including 1 DD)
18 R,
5 W
(including 1 DD)
19 R,
4 W
(including 1 DD)

Combined Coryat: $24,800

[game] [game scores] [suggest correction]

Game tape date: 2018-11-28
The J! Archive is created by fans, for fans. Scraping, republication, monetization, and malicious use prohibited; this site may use cookies and collect identifying information. See terms. The Jeopardy! game show and all elements thereof, including but not limited to copyright and trademark thereto, are the property of Jeopardy Productions, Inc. and are protected under law. This website is not affiliated with, sponsored by, or operated by Jeopardy Productions, Inc. Join the discussion at JBoard.tv.